Cuijla (Record no. 10626)

MARC details
000 -CABECERA
campo de control de longitud fija 00979nam a2200277 a 4500
001 - NÚMERO DE CONTROL
campo de control BRL_1818
005 - FECHA Y HORA DE LA ÚLTIMA TRANSACCIÓN
campo de control 20190320211400.0
008 - DATOS DE LONGITUD FIJA--INFORMACIÓN GENERAL
campo de control de longitud fija 050815s1974----mx-ae#####---#000-0#spa-#
041 ## - CÓDIGO DE LENGUA
Código de lengua del texto/banda sonora o título independiente spa
044 ## - CÓDIGO DEL PAÍS DE LA ENTIDAD EDITORA/PRODUCTORA
Código MARC del país mx
050 #4 - SIGNATURA TOPOGRÁFICA DE LA BIBLIOTECA DEL CONGRESO
Número de clasificación F1391.C8
Número de documento/Ítem .A38 1974
100 1# - ENTRADA PRINCIPAL--NOMBRE DE PERSONA
Nombre de persona Aguirre Beltrán, Gonzalo
9 (RLIN) 25806
245 10 - MENCIÓN DE TÍTULO
Título Cuijla
Resto del título esbozo etnográfico de un pueblo negro
Mención de responsabilidad, etc. Gonzalo Aguirre Beltrán : ilustraciones de Alberto Beltrán.
260 ## - PUBLICACIÓN, DISTRIBUCIÓN, ETC.
Lugar de publicación, distribución, etc. México
Nombre del editor, distribuidor, etc. Fondo de Cultura Económica
Fecha de publicación, distribución, etc. 1974.
300 ## - DESCRIPCIÓN FÍSICA
Extensión 242 p.
Otras características físicas il.
Dimensiones 21 cm.
440 #0 - MENCIÓN DE SERIE/PUNTO DE ACCESO ADICIONAL--TÍTULO
Título Seccioìn de obras de antropología
9 (RLIN) 27955
500 ## - NOTA GENERAL
Nota general Au2042
504 ## - NOTA DE BIBLIOGRAFÍA, ETC.
Nota de bibliografía, etc. Bibliografía: 239-242
650 14 - PUNTO DE ACCESO ADICIONAL DE MATERIA--TÉRMINO DE MATERIA
Término de materia o nombre geográfico como elemento de entrada Negros
Subdivisión geográfica México (Cuijla, Guerrero)
9 (RLIN) 27956
650 14 - PUNTO DE ACCESO ADICIONAL DE MATERIA--TÉRMINO DE MATERIA
Término de materia o nombre geográfico como elemento de entrada Mestizaje
Subdivisión geográfica México (Cuijla, Guerrero)
9 (RLIN) 27957
651 #4 - PUNTO DE ACCESO ADICIONAL DE MATERIA--NOMBRE GEOGRÁFICO
Nombre geográfico Cuijla (Guerrero, México)
Subdivisión general Vida social y costumbres
9 (RLIN) 27958
651 #4 - PUNTO DE ACCESO ADICIONAL DE MATERIA--NOMBRE GEOGRÁFICO
Nombre geográfico Cuijla (Guerrero, México)
Subdivisión general Relaciones raciales
9 (RLIN) 27959
700 1# - PUNTO DE ACCESO ADICIONAL--NOMBRE DE PERSONA
Nombre de persona Beltrán, Alberto
Término indicativo de función/relación il.
9 (RLIN) 9572
902 ## - CATALOGADOR
Iniciales GRL
942 ## - ELEMENTOS DE PUNTO DE ACCESO ADICIONAL (KOHA)
Fuente del sistema de clasificación o colocación Library of Congress Classification
Tipo de ítem Koha Libros
Holdings
Estado de retiro Estado de pérdida Estado dañado No para préstamo Localización permanente Ubicación/localización actual Fecha de adquisición Número de inventario Total de préstamos Signatura topográfica completa Código de barras Fecha visto por última vez Precio válido a partir de Tipo de ítem Koha
El ejemplar forma parte de la colección y puede ser consultado según las políticas vigentes.       Biblioteca Centro de Estudios Ruth D. Lechuga Biblioteca Centro de Estudios Ruth D. Lechuga 05/08/2015 Au2042   F1391.C8 .A38 1974 (Au2042) GRL01996 22/03/2019 22/03/2019 Libros